Mechatronics (Record no. 28514)
[ view plain ]
| 000 -LEADER | |
|---|---|
| fixed length control field | 00310nam a2200157Ia 4500 |
| 082 ## - DEWEY DECIMAL CLASSIFICATION NUMBER | |
| Classification number | 621.381042 |
| Item number | BOL |
| 100 ## - MAIN ENTRY--PERSONAL NAME | |
| Personal name | Bolton/W |
| 250 ## - EDITION STATEMENT | |
| Edition statement | 3 |
| 245 ## - TITLE STATEMENT | |
| Title | Mechatronics |
| 260 ## - PUBLICATION, DISTRIBUTION, ETC. | |
| Name of publisher, distributor, etc. | Pearson Education |
| Date of publication, distribution, etc. | 2003 |
| 300 ## - PHYSICAL DESCRIPTION | |
| Extent | 574 |
| 546 ## - LANGUAGE NOTE | |
| Language note | ENGLISH |
| 654 ## - SUBJECT ADDED ENTRY--FACETED TOPICAL TERMS | |
| Focus term | Mechatronics |
| 942 ## - ADDED ENTRY ELEMENTS (KOHA) | |
| Koha item type | BOOK |
| Withdrawn status | Lost status | Damaged status | Not for loan | Collection | Home library | Current library | Date acquired | Total Checkouts | Full call number | Barcode | Date last seen | Date last checked out | Price effective from | Koha item type |
|---|---|---|---|---|---|---|---|---|---|---|---|---|---|---|
| CRC | Fr. Agnel's C.Rodrigues College of Engineering | AGNEL TECHNICAL COLLEGE LIBRARY | 17/03/2023 | 1 | 621.381042 BOL | 15651 | 25/02/2026 | 04/02/2026 | 17/03/2023 | BOOK | ||||
| CRC | Fr. Agnel's C.Rodrigues College of Engineering | AGNEL TECHNICAL COLLEGE LIBRARY | 17/03/2023 | 1 | 621.381042 BOL | 15654 | 20/08/2024 | 09/08/2024 | 17/03/2023 | BOOK | ||||
| CRC | Fr. Agnel's C.Rodrigues College of Engineering | Fr. Agnel's C.Rodrigues College of Engineering | 17/03/2023 | 621.381042 BOL | 15652 | 17/03/2023 | 17/03/2023 | BOOK | ||||||
| CRC | Fr. Agnel's C.Rodrigues College of Engineering | Fr. Agnel's C.Rodrigues College of Engineering | 17/03/2023 | 1 | 621.381042 BOL | 15653 | 11/07/2024 | 29/05/2024 | 17/03/2023 | BOOK | ||||
| CRC | Fr. Agnel's C.Rodrigues College of Engineering | Fr. Agnel's C.Rodrigues College of Engineering | 17/03/2023 | 621.381042 BOL | 15655 | 17/03/2023 | 17/03/2023 | BOOK |